Racionalidad técnica y cultura latinoamericana: ponencias y comunicaciones

Guardat en:
Dades bibliogràfiques
Autor principal: Hünermann, Peter (Autor)
Format: Llibre
Idioma:espanyol
Publicat: Casa de Ejercicios de Bellavista 1981
Matèries:
Etiquetes: Afegir etiqueta
Sense etiquetes, Sigues el primer a etiquetar aquest registre!

MARC

LEADER 00000nam a2200000 a 4500
001 UCW8539
003 CL-VaPUC
008 880929e19810000GW |||||||||||||||||spa|d
082 0 4 |a 306  |b HUN  |2 21 
100 |a Hünermann, Peter  |e author  |9 591778 
245 1 0 |a Racionalidad técnica y cultura latinoamericana: ponencias y comunicaciones 
300 |a 552 p 
942 |c BK 
945 |d 19880929 00:00:00 
260 |b Casa de Ejercicios de Bellavista  |c 1981 
650 0 |a Sociología cristiana  |9 257898 
650 0 |a Congresos  |9 257560 
650 0 |a Civilización   |9 255823 
651 0 |a América Latina   |9 255027 
583 |a last modification  |c 20120606 11:45:50  |k Rodrigo Vera 
999 |c 220883  |d 220881 
952 |0 0  |1 0  |4 0  |6 306_000000000000000_HUN_1981  |7 0  |8 A  |9 213650  |a BIBHIS  |b BIBHIS  |d 2019-11-15  |i 2819775  |o 306 HUN 1981  |p 2819775  |r 2025-01-20  |w 2019-11-15  |y BK  |k HIS